000 00425nam a2200145Ia 4500
008 230718s9999 xx 000 0 und d
041 _aeng
082 _a005.117
_bO'D
100 _aO'Docherty M.
245 _aObject Oriented Analysis And Design
_bUnderstanding System Development With Uml 2.0.
260 _bJohn Wiley
365 _cRs.
_b329.00
700 _aO'Docherty M.
906 _dB:SL 11/11727-May-2011
_cIT
_b164.5
999 _c327922
_d327922